Detekcia defektov zvarov pomocou hlbokých neurónových sietí

Gespeichert in:
Bibliographische Detailangaben
1. Verfasser: Adam, Karol Filip (Verfasst von)
Weitere Verfasser: Kajan, Slavomír (Betreuung Doktorarbeit)
Format: Manuskript Buch
Sprache:Slowakisch
Veröffentlicht: 2025
Schlagworte:
Online-Zugang:http://is.stuba.sk/zp/portal_zp.pl?podrobnosti=184478
Tags: Tag hinzufügen
Keine Tags, Fügen Sie das erste Tag hinzu!

MARC

LEADER 00000ntm a22000003a 4500
001 stuzp101956
003 SK-STU
005 20250614210904.7
007 ta
008 150427s2015----xo-----f-mn---000-0-slo-d
040 |a STU  |b slo 
041 0 |a slo 
100 1 |a Adam, Karol Filip  |u 031000  |4 aut  |U FEI Fakulta elektrotechniky a informatiky  |T FEI Ústav robotiky a kybernetiky  |X 111999  |U E011  |Y 356  |7 111999 
242 0 1 |a Weld Defect Detection Using Deep Neural Networks  |y eng 
245 1 0 |a Detekcia defektov zvarov pomocou hlbokých neurónových sietí 
260 |c 2025 
650 4 |a Weld defects  |2 eng 
650 4 |a Visual detection  |2 eng 
650 4 |a Projection  |2 eng 
650 4 |a Laser data  |2 eng 
650 4 |a Neural networks  |2 eng 
650 4 |a Laserové dáta  |2 slo 
650 4 |a Neurónové siete  |2 slo 
650 4 |a Defekty zvarov  |2 slo 
650 4 |a Vizuálna detekcia  |2 slo 
650 4 |a Projekcia  |2 slo 
700 1 |a Kajan, Slavomír  |u 031000  |k Z1  |4 ths  |U FEI Fakulta elektrotechniky a informatiky  |T FEI Ústav robotiky a kybernetiky  |X 4240  |U E011  |Y 356  |7 A000004240 
856 4 |u http://is.stuba.sk/zp/portal_zp.pl?podrobnosti=184478